Razonamiento judicial

Guardat en:
Dades bibliogràfiques
Autor principal: Pozo Silva, Nelson (Autor)
Format: Llibre
Idioma:espanyol
Publicat: Santiago Puntolex 2009
Edició:1a. ed
Matèries:
Etiquetes: Afegir etiqueta
Sense etiquetes, Sigues el primer a etiquetar aquest registre!

MARC

LEADER 00000nam a2200000 a 4500
001 UCH9201
003 CL-VaPUC
008 091224e20090000CL |||||||||||||||||spa|d
020 |a 9789568541828 
082 0 4 |a 340.1  |b POZ  |2 21 
100 0 |a Pozo Silva, Nelson  |e author  |9 546174 
245 1 0 |a Razonamiento judicial 
250 |a 1a. ed 
300 |a 385 p 
942 |c BK 
945 |d 20091224 00:00:00  |a cmena 
260 |a Santiago  |b Puntolex  |c 2009 
650 0 |a Argumentación jurídica  |9 469614 
650 0 |a Teoría del derecho  |9 255982 
650 0 |a Justicia   |9 255408 
650 0 |a Filosofía del derecho   |9 255050 
583 |a last modification  |c 20091224 00:00:00  |k Rodrigo Vera 
999 |c 339262  |d 339260 
952 |0 0  |1 0  |4 0  |6 340_100000000000000_POZ_2009  |7 0  |8 A  |9 432793  |a BIBDER  |b BIBDER  |d 2019-11-22  |i 4631161  |o 340.1 POZ 2009  |p 4631161  |r 2023-01-25  |w 2019-11-22  |y BK  |k DER